| 000 | 00598nam a2200157Ia 4500 | ||
|---|---|---|---|
| 008 | 151213s9999 xx 000 0 und d | ||
| 100 | _aশীর্ষেন্দু মুখোপাদ্যায়। | ||
| 245 |
_aদশ দিগন্ত _cশীর্ষেন্দু মুখোপাদ্যায়। |
||
| 250 | _a১ম সং | ||
| 260 |
_aকলকাতা _bদেবকুমার বসু _c1988 |
||
| 300 | _a8359 p. | ||
| 650 | _aBangla | ||
| 650 | _aগল্প | ||
| 700 | _aশীর্ষেন্দু মুখোপাদ্যায়। | ||
| 999 |
_c4199 _d4199 |
||